000 00527nam a22001937a 4500
003 CEME
005 20210628203218.0
008 210203b xxu||||| |||| 00| 0 eng d
020 _a9780071477864
040 _c.
082 _a658.2 PAY
100 _aPayant, Richard P
_964010
245 _aFacility manager's maintenance handbook
250 _a2ND
260 _aNEW YORK
_bMCGRAW HILL
_c2007
300 _aXXII,889P
650 _aREAL ESTATE MANAGMENT. , BUILDING MANAGMENT , FIRE PROTECTION.
_964011
942 _cBK
_2ddc
999 _c572663
_d572663